<?xml version="1.0" encoding="UTF-8"?>
<record
    xmlns:xsi="http://www.w3.org/2001/XMLSchema-instance"
    xsi:schemaLocation="http://www.loc.gov/MARC21/slim http://www.loc.gov/standards/marcxml/schema/MARC21slim.xsd"
    xmlns="http://www.loc.gov/MARC21/slim">

  <leader>01952nam a22002651  4500</leader>
  <controlfield tag="001">34037</controlfield>
  <controlfield tag="003">BD-RjUL</controlfield>
  <controlfield tag="005">20211209052110.0</controlfield>
  <controlfield tag="008">140512s1968    nyu      b    001 0 eng d</controlfield>
  <datafield tag="035" ind1=" " ind2=" ">
    <subfield code="a">(BD-RjUL)34131</subfield>
  </datafield>
  <datafield tag="035" ind1=" " ind2=" ">
    <subfield code="a">(OCoLC)254604</subfield>
  </datafield>
  <datafield tag="040" ind1=" " ind2=" ">
    <subfield code="a">DLC</subfield>
    <subfield code="c">ODaWU</subfield>
    <subfield code="d">OCoLC</subfield>
    <subfield code="d">PBfG</subfield>
    <subfield code="d">DLC</subfield>
    <subfield code="d">BD-RjUL</subfield>
    <subfield code="b">eng</subfield>
  </datafield>
  <datafield tag="041" ind1=" " ind2=" ">
    <subfield code="a">eng</subfield>
  </datafield>
  <datafield tag="082" ind1="0" ind2="0">
    <subfield code="a">301</subfield>
    <subfield code="b">PAS V-1 1968</subfield>
  </datafield>
  <datafield tag="100" ind1="1" ind2=" ">
    <subfield code="a">Parsons, Talcott.</subfield>
    <subfield code="d">1902-1979.</subfield>
    <subfield code="9">100629</subfield>
  </datafield>
  <datafield tag="245" ind1="1" ind2="4">
    <subfield code="a">The structure of social action :</subfield>
    <subfield code="b">a study in social theory with special reference to a group of recent European writers /</subfield>
    <subfield code="c"> Talcott Parsons.</subfield>
    <subfield code="n">Volume I</subfield>
  </datafield>
  <datafield tag="260" ind1=" " ind2=" ">
    <subfield code="a">New York :</subfield>
    <subfield code="b">Free Press,</subfield>
    <subfield code="c">c1968.</subfield>
  </datafield>
  <datafield tag="300" ind1=" " ind2=" ">
    <subfield code="a">xxviii, 470 p. ;</subfield>
    <subfield code="c">23 cm.</subfield>
  </datafield>
  <datafield tag="504" ind1=" " ind2=" ">
    <subfield code="a">Includes Bibliography &amp; Index.</subfield>
  </datafield>
  <datafield tag="505" ind1="0" ind2=" ">
    <subfield code="a">Introductory -- The theory of action -- Some phases of the historical development of individualistic positivism in the theory of action -- Alfred Marshall : wants and activities and the problem of the scope of economics -- Vilfredo Pareto, I : the methodology and main analytical scheme -- Vilfredo Pareto, II : extension and verification of the structural analysis -- Vilfredo Pareto, III : empirical generalizations and conclusions -- &#xC9;mile Durkheim, I : early empirical work -- &#xC9;mile Durkheim, II : the methodology of sociologistic positivism -- &#xC9;mile Durkheim, III : the development of the theory of social control -- &#xC9;mile Durkheim, IV : the final phase : religion and epistemology -- Summary of part II : the breakdown of the positivistic theory of action -- The idealistic tradition -- Max Weber, I : religion and modern capitalism, A. Protestantism and capitalism -- Max Weber, II : religion and modern capitalism (continued), B. The comparative studies -- Max Weber, III : methodology -- Max Weber, IV : systematic theory -- Empirically verified conclusions -- Tentative methodological implications.</subfield>
  </datafield>
  <datafield tag="650" ind1=" " ind2="0">
    <subfield code="a">Sociology.</subfield>
    <subfield code="9">100630</subfield>
  </datafield>
  <datafield tag="942" ind1=" " ind2=" ">
    <subfield code="2">ddc</subfield>
    <subfield code="c">BK</subfield>
  </datafield>
  <datafield tag="999" ind1=" " ind2=" ">
    <subfield code="c">34037</subfield>
    <subfield code="d">34037</subfield>
  </datafield>
  <datafield tag="952" ind1=" " ind2=" ">
    <subfield code="0">0</subfield>
    <subfield code="1">0</subfield>
    <subfield code="2">ddc</subfield>
    <subfield code="4">0</subfield>
    <subfield code="7">1</subfield>
    <subfield code="8">NFIC</subfield>
    <subfield code="a">RUCL</subfield>
    <subfield code="b">RUCL</subfield>
    <subfield code="c">Reading</subfield>
    <subfield code="d">1969-09-02</subfield>
    <subfield code="e">Zitlinger</subfield>
    <subfield code="g">52.00</subfield>
    <subfield code="l">0</subfield>
    <subfield code="o">301 PAS V-1 1968</subfield>
    <subfield code="r">2014-05-12 00:00:00</subfield>
    <subfield code="t">C-1</subfield>
    <subfield code="w">2021-12-09</subfield>
    <subfield code="y">BK</subfield>
  </datafield>
  <datafield tag="952" ind1=" " ind2=" ">
    <subfield code="0">0</subfield>
    <subfield code="1">0</subfield>
    <subfield code="2">ddc</subfield>
    <subfield code="4">0</subfield>
    <subfield code="7">0</subfield>
    <subfield code="8">NFIC</subfield>
    <subfield code="a">RUCL</subfield>
    <subfield code="b">RUCL</subfield>
    <subfield code="c">Stack</subfield>
    <subfield code="d">1969-09-02</subfield>
    <subfield code="e">Zeitlinger</subfield>
    <subfield code="g">52.00</subfield>
    <subfield code="l">0</subfield>
    <subfield code="o">301 PAS V-1 1968</subfield>
    <subfield code="r">2014-05-15 00:00:00</subfield>
    <subfield code="t">C-3</subfield>
    <subfield code="w">2021-12-09</subfield>
    <subfield code="y">BK</subfield>
  </datafield>
  <datafield tag="952" ind1=" " ind2=" ">
    <subfield code="0">0</subfield>
    <subfield code="1">0</subfield>
    <subfield code="2">ddc</subfield>
    <subfield code="4">0</subfield>
    <subfield code="7">0</subfield>
    <subfield code="8">NFIC</subfield>
    <subfield code="a">RUCL</subfield>
    <subfield code="b">RUCL</subfield>
    <subfield code="c">Stack</subfield>
    <subfield code="d">1977-06-04</subfield>
    <subfield code="e">W. U. S, Gift.</subfield>
    <subfield code="l">0</subfield>
    <subfield code="o">301 PAS V-1 1968</subfield>
    <subfield code="r">2014-05-15 00:00:00</subfield>
    <subfield code="t">C-4</subfield>
    <subfield code="w">2014-05-15</subfield>
    <subfield code="y">BK</subfield>
  </datafield>
  <datafield tag="952" ind1=" " ind2=" ">
    <subfield code="0">0</subfield>
    <subfield code="1">0</subfield>
    <subfield code="2">ddc</subfield>
    <subfield code="4">0</subfield>
    <subfield code="7">0</subfield>
    <subfield code="8">NFIC</subfield>
    <subfield code="a">RUCL</subfield>
    <subfield code="b">RUCL</subfield>
    <subfield code="c">Stack</subfield>
    <subfield code="d">1977-06-04</subfield>
    <subfield code="e">W. U. S, Gift.</subfield>
    <subfield code="l">0</subfield>
    <subfield code="o">301 PAS V-1 1968</subfield>
    <subfield code="r">2014-05-15 00:00:00</subfield>
    <subfield code="t">C-5</subfield>
    <subfield code="w">2014-05-15</subfield>
    <subfield code="y">BK</subfield>
  </datafield>
  <datafield tag="952" ind1=" " ind2=" ">
    <subfield code="0">0</subfield>
    <subfield code="1">0</subfield>
    <subfield code="2">ddc</subfield>
    <subfield code="4">0</subfield>
    <subfield code="7">0</subfield>
    <subfield code="8">NFIC</subfield>
    <subfield code="a">RUCL</subfield>
    <subfield code="b">RUCL</subfield>
    <subfield code="c">Stack</subfield>
    <subfield code="d">1969-09-02</subfield>
    <subfield code="e">Zeitlinger</subfield>
    <subfield code="g">52.00</subfield>
    <subfield code="l">0</subfield>
    <subfield code="o">301 PAS V-1 1968</subfield>
    <subfield code="r">2016-12-17 00:00:00</subfield>
    <subfield code="t">C-6</subfield>
    <subfield code="w">2016-12-17</subfield>
    <subfield code="y">BK</subfield>
  </datafield>
</record>
